Chansons de Dire Straits - Mort Subite - Statistiques

Statistiques générales
  • Ce quiz a été pris 27 fois
  • Le résultat moyen est 8 sur 10
Answers on the Grid
Answers color-coded by a green-red scale on the quiz's grid according to % correct below.
Sultans of Swing
Telegraph Road
Brothers in Arms
Romeo and Juliet
Tunnel of Love
Walk of Life
Money for Nothing
Calling Elvis
Your Latest Trick
So Far Away
Engelwood
Lovesong
Big in Japan
The Way
Layla
Free Bird
Feel Good Inc
Last Nite
Around the World
The Real Slim Shady
Comfortably Numb
I Want to Know What Love Is
Another Brick in the Wall
Money
 
Statistiques - réponses
Réponse % Correct
Sultans of Swing
96%
Brothers in Arms
91%
Money for Nothing
91%
Romeo and Juliet
91%
Walk of Life
87%
Tunnel of Love
78%
Calling Elvis
70%
Telegraph Road
70%
So Far Away
61%
Your Latest Trick
61%
Aucun quiz correspondant
Distribution des résultats
% des personnes avec chaque résultat
Percentile par nombre de réponses
Votre historique - résultats
Vous n’avez pas pris ce quiz